000 01200nam0a22002411 4500
001 rc\3236153
005 20260407095235.0
035 _a(NLR Aleph) 007372774
090 _a6425739
_c6425739
100 _a20130115d19669999|||y0rusy50 ca
101 0 _arus
102 _aRU
105 _ay z |||||
200 1 _aВестник Харьковского университета
_eВып. 1-
_fМ-во высш. и сред. спец. образования УССР
_iСерия иностранных языков
210 _aХарьков
_cИзд-во Харьковского ун-та
_d1966-
710 0 2 _aХарьковский университет им. А. М. Горького
_3RU\NLR\AUTH\889922276
_9340572
801 0 _aRU
_bNLR
_gpsbo
801 1 _aRU
_bELAR
_2rusmarc
830 _aС Вып. 3 (1970) выходит в серии: Вестник Харьковского университета. Шифр: П29/903
830 _aПеречень имеющихся в библиотеке томов, номеров, годов этого издания смотри в каталоге периодических изданий
852 _aNLR
_jП35/465
942 _cBOOK
980 _aNB